[Event "BCF-chT4S 2324 (4NCL)"]
[Site "England"]
[Date "2024.01.06"]
[Round "3.125"]
[White "Parker, Ethan"]
[Black "Haria Skuse, Ashwina"]
[Result "0-1"]
[WhiteElo "1608"]
[BlackElo "1459"]
[PlyCount "98"]
[EventDate "2024.02.11"]
[EventType "team-swiss"]
[EventRounds "11"]
[EventCountry "ENG"]
[SourceTitle "EXT 2025"]
[Source "ChessBase"]
[SourceDate "2024.10.14"]
[SourceVersion "1"]
[SourceVersionDate "2024.10.14"]
[SourceQuality "1"]
[WhiteTeam "Apprentice Woodpushers"]
[BlackTeam "She Plays To Win Young Stars"]
[WhiteTeamCountry "ENG"]
[BlackTeamCountry "ENG"]

1. d4 d5 2. Bf4 Nf6 3. e3 g6 4. Nf3 Bg7 5. Nbd2 0-0 6. Bd3 Nbd7 7. 0-0 b6 8. c3 Bb7 9. Ne5 c5 10. h4 Nxe5 11. Bxe5 cxd4 12. exd4 Ne4 13. Bxg7 Kxg7 14. Re1 f5 15. Qe2 Re8 16. Bb5 Rf8 17. Nf1 a6 18. Bd3 Re8 19. f3 Nd6 20. Ng3 e6 21. Qe5+ Kg8 22. h5 Nf7 23. Qf4 g5 24. Qd2 Qf6 25. Kf2 h6 26. f4 g4 27. Re2 Re7 28. Rae1 Rae8 29. c4 Qxd4+ 30. Qe3 Qxe3+ 31. Rxe3 d4 32. R3e2 Kf8 33. b4 Nd8 34. c5 b5 35. Bc2 Nc6 36. a3 Kf7 37. Bb3 Kf6 38. Rd2 e5 39. fxe5+ Rxe5 40. Rxe5 Rxe5 41. Ne2 Kg5 42. Nxd4 Nxd4 43. Rxd4 g3+ 44. Kf1 Kxh5 45. Bd1+ Kg5 46. Rd7 Be4 47. Rg7+ Kf4 48. Rd7 Bd5 49. Rd6 Bc4+ 0-1